<?xml version="1.0" encoding="UTF-8"?><?xml-stylesheet type="text/xsl" href="static/style.xsl"?><OAI-PMH xmlns="http://www.openarchives.org/OAI/2.0/" xmlns:xsi="http://www.w3.org/2001/XMLSchema-instance" xsi:schemaLocation="http://www.openarchives.org/OAI/2.0/ http://www.openarchives.org/OAI/2.0/OAI-PMH.xsd"><responseDate>2026-06-01T16:12:49Z</responseDate><request verb="GetRecord" identifier="oai:riuma.uma.es:10630/45691" metadataPrefix="marc">https://riuma.uma.es/rest/oai/request</request><GetRecord><record><header><identifier>oai:riuma.uma.es:10630/45691</identifier><datestamp>2026-02-25T00:46:58Z</datestamp><setSpec>com_10630_2254</setSpec><setSpec>col_10630_37953</setSpec></header><metadata><record xmlns="http://www.loc.gov/MARC21/slim" xmlns:dcterms="http://purl.org/dc/terms/" xmlns:doc="http://www.lyncode.com/xoai" xmlns:xsi="http://www.w3.org/2001/XMLSchema-instance" xsi:schemaLocation="http://www.loc.gov/MARC21/slim http://www.loc.gov/standards/marcxml/schema/MARC21slim.xsd">
   <leader>00925njm 22002777a 4500</leader>
   <datafield ind2=" " ind1=" " tag="042">
      <subfield code="a">dc</subfield>
   </datafield>
   <datafield ind2=" " ind1=" " tag="720">
      <subfield code="a">Balaskas, Vasileios</subfield>
      <subfield code="e">author</subfield>
   </datafield>
   <datafield ind2=" " ind1=" " tag="260">
      <subfield code="c">2022</subfield>
   </datafield>
   <datafield ind2=" " ind1=" " tag="520">
      <subfield code="a">El descubrimiento, restauración y reutilización de espacios teatrales romanos en España fue una actividad cultural que siguió la tendencia europea de fi nales del siglo XX. Su interés en el ámbito de la fi lología clásica y las humanidades descansa en su utilidad como estudios de caso independientes que sirven para analizar, comparar y refl exionar sobre diferentes tradiciones artísticas y culturales. Estas tendencias tienen especial importancia, además, considerando que se trata de la reelaboración de obras teatrales grecolatinas que se adaptaron para ser presentadas al público español de la época. Desde las primeras representaciones en el teatro romano de Mérida hasta la consolidación del festival de esta ciudad y el uso sistemático de los teatros romanos de Sagunto y Málaga, estas tradiciones teatrales aproximaron la sociedad española a la cultura clásica. Este artículo ofrece una visión general de la historia de los teatros romanos en España, así como un análisis de su valor social y cultural dentro del marco de los estudios clásicos. Se pretende una aproximación al teatro antiguo como complemento en el estudio de la cultura clásica y su rol en la sociedad moderna.</subfield>
   </datafield>
   <datafield ind1="8" ind2=" " tag="024">
      <subfield code="a">Balaskas Vasileios, 2022. ‘Estudio Histórico de la Reutilización de los Teatros Romanos de España’, Thamyris, nova series 13, 127-148.</subfield>
   </datafield>
   <datafield ind1="8" ind2=" " tag="024">
      <subfield code="a">https://hdl.handle.net/10630/45691</subfield>
   </datafield>
   <datafield ind1="8" ind2=" " tag="024">
      <subfield code="a">10.24310/thamyristhrdcc.v13i16317</subfield>
   </datafield>
   <datafield tag="653" ind2=" " ind1=" ">
      <subfield code="a">España - Restos arqueológicos romanos</subfield>
   </datafield>
   <datafield tag="653" ind2=" " ind1=" ">
      <subfield code="a">Teatros - España</subfield>
   </datafield>
   <datafield ind2="0" ind1="0" tag="245">
      <subfield code="a">Estudio histórico de la reutilización de los teatros romanos de España</subfield>
   </datafield>
</record>
</metadata></record></GetRecord></OAI-PMH>